| 000 | 00599nam a22001937a 4500 | ||
|---|---|---|---|
| 003 | OSt | ||
| 005 | 20161004175859.0 | ||
| 008 | 161004s2016 spc|||||||||||||| ||cat|d | ||
| 020 | _a9788494101960 | ||
| 040 |
_bcat _cCDMR |
||
| 100 | 1 | _aAdell Bardier, Josep M. | |
| 245 | 1 | 0 |
_aRàdio 4, 40 anys en català 1976-2016 _b(una veu de resistència) _cJosep M. Adell Bardier |
| 260 |
_aGirona : _bNautilus, _c2016 |
||
| 300 |
_a313 p. ; _c21 cm |
||
| 610 | 2 | 0 |
_aRadio Nacional de España _bRadio 4 _93198 |
| 650 | 0 |
_aCatalà _93851 _xús |
|
| 650 | 0 | 7 |
_aRàdio _zHistòria _zCatalunya _2lemac _91722 |
| 942 | _cMON | ||
| 999 |
_c6967 _d6967 |
||